000 01222nam a22002537a 4500
005 20170124103206.0
010 _aB-158142
020 _c175.00
_a8187472170
035 _aB-158142
037 _bCen Lib/Ret
040 _aDPL
_bHN
082 _a921
_bकमल
100 _aकमल, एम.पी.
_942260
245 _aडॉ. ए.पी.जे. अब्दुल कलाम :
_cएम.पी. कमल
_bप्रेरणाएं, उपलब्धियाँ, मिशन /
246 _aDr. A.P.J. Abdul kalam : Prernayein, uplabdhiyan, mission /
_bby M.P. Kamal
260 _aनई दिल्ली
_bविजय पब्लिशर्स
_c2002
270 _bनई दिल्ली
_a5, गोला मार्किट, दरियागंज
_e110002
300 _a160पृ.
_c21सेमी (सजिल्द)
650 _aराष्ट्रपतियों - भारत - जीवनी।
_993838
650 _aवैज्ञानिकों - भारत - जीवनी।
_983835
650 _a Presidents -- India -- Biography.
_927959
650 _aScientists -- India -- Biography.
_929362
942 _2ddc
_cHN
_h921
_mकमल
999 _c120999
_d120999